Virus fitopatógenos en cultivos hortícolas de importancia económica en el estado de Guanajuato / (Record no. 207861)
[ view plain ]
| 000 -CABECERA | |
|---|---|
| campo de control de longitud fija | 01277nam a2200373Ia 4500 |
| 001 - NÚMERO DE CONTROL | |
| campo de control | Para_9108 |
| 003 - IDENTIFICADOR DEL NÚMERO DE CONTROL | |
| campo de control | CHAP |
| 008 - DATOS DE LONGITUD FIJA--INFORMACIÓN GENERAL | |
| campo de control de longitud fija | 220125s2004 xx 000 0 und d |
| 010 ## - NÚMERO DE CONTROL DE LA BIBLIOTECA DEL CONGRESO | |
| Número de control de LC | 207861 |
| 040 ## - FUENTE DE LA CATALOGACIÓN | |
| Centro/agencia transcriptor | CHAP |
| 082 ## - NÚMERO DE LA CLASIFICACIÓN DECIMAL DEWEY | |
| Número de clasificación | PA 576.64 P4 |
| 100 ## - ENTRADA PRINCIPAL--NOMBRE DE PERSONA | |
| Nombre de persona | Pérez Moreno, Luis |
| 9 (RLIN) | 89871 |
| 245 ## - MENCIÓN DE TÍTULO | |
| Título | Virus fitopatógenos en cultivos hortícolas de importancia económica en el estado de Guanajuato / |
| Mención de responsabilidad, etc. | por Luis Pérez Moreno y Esteban Rico Jaramillo |
| 260 ## - PUBLICACIÓN, DISTRIBUCIÓN, ETC. | |
| Lugar de publicación, distribución, etc. | Guanajuato, Gto. : |
| Nombre del editor, distribuidor, etc. | Universidad de Guanajuato |
| 300 ## - DESCRIPCIÓN FÍSICA | |
| Extensión | 143 p. |
| 650 ## - PUNTO DE ACCESO ADICIONAL DE MATERIA--TÉRMINO DE MATERIA | |
| Término de materia o nombre geográfico como elemento de entrada | Ajo |
| Subdivisión general | enfermedades |
| 9 (RLIN) | 3184 |
| 650 ## - PUNTO DE ACCESO ADICIONAL DE MATERIA--TÉRMINO DE MATERIA | |
| Término de materia o nombre geográfico como elemento de entrada | Chile (botánica) |
| Subdivisión general | enfermedades |
| 9 (RLIN) | 22353 |
| 650 ## - PUNTO DE ACCESO ADICIONAL DE MATERIA--TÉRMINO DE MATERIA | |
| Término de materia o nombre geográfico como elemento de entrada | Cucurbitáceas |
| Subdivisión general | enfermedades |
| 9 (RLIN) | 30000 |
| 650 ## - PUNTO DE ACCESO ADICIONAL DE MATERIA--TÉRMINO DE MATERIA | |
| Término de materia o nombre geográfico como elemento de entrada | Espárrago |
| Subdivisión general | enfermedades |
| 9 (RLIN) | 174339 |
| 650 ## - PUNTO DE ACCESO ADICIONAL DE MATERIA--TÉRMINO DE MATERIA | |
| Término de materia o nombre geográfico como elemento de entrada | Fresa |
| Subdivisión general | enfermedades |
| 9 (RLIN) | 43202 |
| 650 ## - PUNTO DE ACCESO ADICIONAL DE MATERIA--TÉRMINO DE MATERIA | |
| Término de materia o nombre geográfico como elemento de entrada | Frijol |
| Subdivisión general | enfermedades |
| 9 (RLIN) | 43367 |
| 650 #7 - PUNTO DE ACCESO ADICIONAL DE MATERIA--TÉRMINO DE MATERIA | |
| Término de materia o nombre geográfico como elemento de entrada | Papas |
| Subdivisión general | Enfermedades |
| Fuente del encabezamiento o término | |
| 9 (RLIN) | 85227 |
| 650 ## - PUNTO DE ACCESO ADICIONAL DE MATERIA--TÉRMINO DE MATERIA | |
| Término de materia o nombre geográfico como elemento de entrada | Tomate |
| Subdivisión general | enfermedades |
| 9 (RLIN) | 113711 |
| 650 ## - PUNTO DE ACCESO ADICIONAL DE MATERIA--TÉRMINO DE MATERIA | |
| Término de materia o nombre geográfico como elemento de entrada | Virus fitopatógenos |
| Subdivisión general | investigación |
| 9 (RLIN) | 174340 |
| 700 ## - PUNTO DE ACCESO ADICIONAL--NOMBRE DE PERSONA | |
| Nombre de persona | Rico Jaramillo, Esteban |
| 9 (RLIN) | 97328 |
| 710 ## - PUNTO DE ACCESO ADICIONAL--NOMBRE DE ENTIDAD CORPORATIVA | |
| Nombre de entidad corporativa o nombre de jurisdicción como elemento de entrada | Universidad de Guanajuato |
| 9 (RLIN) | 116431 |
| 901 ## - ELEMENTOS DE DATOS A LOCAL LDA (RLIN) | |
| a | PA 576.64 P4 |
| 902 ## - ELEMENTOS DE DATOS B LOCAL, LDB (RLIN) | |
| a | A |
| 905 ## - ELEMENTOS DE DATOS E LOCAL, LDE (RLIN) | |
| a | 0000002004 d 0000000000spa00 |
| 910 ## - DATOS DE OPCIÓN DEL USUARIO (OCLC) | |
| Datos de opción del usuario | 2004 |
| 942 ## - ELEMENTOS DE PUNTO DE ACCESO ADICIONAL (KOHA) | |
| Tipo de ítem Koha | Parasitologia_ |
| 942 ## - ELEMENTOS DE PUNTO DE ACCESO ADICIONAL (KOHA) | |
| Tipo de ítem Koha | Parasitologia_ |
| -- | 1 |
| Estado de retiro | Estado de pérdida | Fuente del sistema de clasificación o colocación | Estado dañado | Restricciones de uso | No para préstamo | Código de colección | Localización permanente | Ubicación/localización actual | Fecha de adquisición | Información codificada de la localización en otra ubicación | Número de inventario | Total de préstamos | Signatura topográfica completa | Código de barras | Fecha visto por última vez | Número de copia | Precio válido a partir de | Tipo de ítem Koha | Nota pública |
|---|---|---|---|---|---|---|---|---|---|---|---|---|---|---|---|---|---|---|---|
| Dewey Decimal Classification | Préstamo interno | General | Parasitologia Agricola | Parasitologia Agricola | 01/02/2006 | PARA | (PA_8893) (No. UACh C/E) | PA 576.64 P4 | 4102000361 | 25/01/2022 | Ej.1 | 25/01/2022 | Libro | 3 |
